00317nam a2200121Ia 4500008004100000041000800041082001700049100001500066245003300081260004100114300003100155365000900186240624s9999 xx 000 0 und d aeng a658.4012 HAM aHAMEL GARY aCOMPETENCE BASED COMPETITION c1994aSingaporebJohn Wiley and Sons axxx, , 328 , 25 : p. : cm. cb29